Stereoselektívne paládiom(II)-katalyzované cyklizácie nenasýtených polyolov. Využitie v syntéze prírodných látok a ich neprírodných analógov

Saved in:
Bibliographic Details
Main Author: Remeň, Ľuboš (Author)
Format: Book
Language:Slovak
Published: Bratislava : STU v Bratislave, 1998
Edition:Obháj.: 17.12.1998
Tags: Add Tag
No Tags, Be the first to tag this record!

MARC

LEADER 00000nam a22000003a 4500
001 stu50686
005 20150617225709.4
008 991019s1998------------------------slo-d
040 |a STU  |b slo 
041 0 |a slo 
080 |a 547.07(043.3) 
100 1 |a Remeň, Ľuboš  |4 aut 
245 1 |a Stereoselektívne paládiom(II)-katalyzované cyklizácie nenasýtených polyolov. Využitie v syntéze prírodných látok a ich neprírodných analógov 
250 |a Obháj.: 17.12.1998 
260 |a Bratislava :  |b STU v Bratislave,  |c 1998 
300 |a 128 s 
500 |a Tab.,grafy,lit.Katedra organickej chémie 
996 |b 284C009631  |c C*KD409  |l CCI  |s A  |a 24  |w stu50686_0001